Fuentes del Sínodo Diocesano celebrado en Santiago de Chile
Gardado en:
| Autor Principal: | |
|---|---|
| Formato: | Libro |
| Idioma: | Lingua castelá |
| Publicado: |
Santiago
Revista Católica
1903
|
| Subjects: | |
| Tags: |
Engadir etiqueta
Sen Etiquetas, Sexa o primeiro en etiquetar este rexistro!
|
MARC
| LEADER | 00000nam a2200000 a 4500 | ||
|---|---|---|---|
| 001 | UCS9183 | ||
| 003 | CL-VaPUC | ||
| 005 | 20230126074201.0 | ||
| 008 | 971113e19030000cl 1 spa d | ||
| 082 | 0 | 4 | |a 262.4 |b CAS |2 21 |
| 100 | 1 | |a Casanova, Mariano |e author |9 393477 | |
| 245 | 1 | 0 | |a Fuentes del Sínodo Diocesano celebrado en Santiago de Chile |
| 260 | |a Santiago |b Revista Católica |c 1903 | ||
| 300 | |a 247 p | ||
| 583 | |a last modification |c 19971113 00:00:00 |k Rodrigo Vera | ||
| 650 | 0 | 7 | |a CONCILIOS Y SINODOS |2 CL-VaPUC |9 618612 |
| 650 | 0 | 7 | |a BIBLIOGRAFIAS ESPECIALES |2 CL-VaPUC |9 346443 |
| 650 | 0 | 0 | |a Compilación bibliográfica |9 338369 |
| 651 | 0 | |a Santiago |9 265444 | |
| 651 | 7 | |a CHILE |2 CL-VaPUC |9 618613 | |
| 942 | |c BK | ||
| 945 | |a cmena |d 19971113 00:00:00 | ||
| 546 | |a En Español | ||
| 518 | |p Sínodo Diocesano, Santiago, 8 al 15 de Septiembre de 1895 | ||
| 999 | |c 383044 |d 383042 | ||
| 952 | |0 0 |1 0 |4 0 |6 262_400000000000000_CAS_1903 |7 0 |8 DER_HDC |9 505038 |a BIBDER |b BIBDER |d 2020-01-23 |i 1900390 |l 1 |o 262.4 CAS 1903 |p 1900390 |r 2020-03-20 |s 2020-03-19 |w 2020-01-23 |x Ubicación 4to Piso |y BK_X |z Estos recursos deben solicitarse con anticipación |k DER | ||